Name the different types of shark by picture - Statistics

General Stats
  • This quiz has been taken 53 times
  • The average score is 15 of 24
Answer Stats
Picture Answer % Correct
Great White
95%
Hammerhead Shark
90%
Tiger Shark
90%
Whale Shark
90%
Basking Shark
80%
Bull Shark
80%
Blacktip Reef Shark
78%
Lemon Shark
75%
Mako Shark
75%
Goblin Shark
73%
Leopard Shark
73%
Saw Shark
73%
Nurse Shark
70%
Blue Shark
68%
White Tip Shark
68%
Greenland shark
63%
Thresher shark
63%
Angelshark
53%
Wobbegong Shark
53%
Zebra Shark
45%
Bruce!
43%
Dwarf Lantern Shark
30%
Epaulette Shark
8%
Bizant River Shark
5%
No matching quizzes found
Score Distribution
Percent of People with Each Score
Percentile by Number Answered
Your Score History
You have not taken this quiz